Enforcing a foreign arbitral award in mainland China - some recent experience (Record no. 69714)

MARC details
000 -LEADER
fixed length control field 00968cam a2200205 4500
001 - CONTROL NUMBER
control field ABS65128
008 - FIXED-LENGTH DATA ELEMENTS--GENERAL INFORMATION
fixed length control field 020306n2002 000 0 eng u
035 ## - SYSTEM CONTROL NUMBER
System control number (Sirsi) u117024
100 ## - MAIN ENTRY--PERSONAL NAME
Personal name Lin, M.
245 ## - TITLE STATEMENT
Title Enforcing a foreign arbitral award in mainland China - some recent experience
260 ## - PUBLICATION, DISTRIBUTION, ETC.
Date of publication, distribution, etc. 2002
490 ## - SERIES STATEMENT
Series statement Asian Dispute Resolution
Volume/sequential designation January 2002,79-81(3)
520 ## - SUMMARY, ETC.
Summary, etc. Gives advice on how to enforce an arbitration award in a case where the state-owned corporation has no assets outside mainland China. PRC foreign exchange law can provide an excuse for the defeated company to refuse to comply voluntarily with an award. Recommends that due regard is given to time, and suggests various solutions to this situation.
590 ## - LOCAL NOTE (RLIN)
Local note ABS
650 ## - SUBJECT ADDED ENTRY--TOPICAL TERM
Topical term or geographic name entry element CHINA
650 ## - SUBJECT ADDED ENTRY--TOPICAL TERM
Topical term or geographic name entry element MANAGEMENT-DISPUTE AVOIDANCE, MANAGEMENT AND RESOLUTION-DISPUTE MANAGEMENT AND RESOLUTION-ARBITRATION
650 ## - SUBJECT ADDED ENTRY--TOPICAL TERM
Topical term or geographic name entry element PRC
690 ## - LOCAL SUBJECT ADDED ENTRY--TOPICAL TERM (OCLC, RLIN)
Topical term or geographic name as entry element Dispute resolution
9 (RLIN) 6236
942 ## - ADDED ENTRY ELEMENTS (KOHA)
Suppress in OPAC 0
Holdings
Withdrawn status Lost status Source of classification or shelving scheme Damaged status Not for loan Home library Current library Shelving location Date acquired Total Checkouts Full call number Barcode Date last seen Copy number Price effective from Koha item type
    Dewey Decimal Classification     London London Journal article 06/03/2002   ABS65128 117024-1001 06/08/2019 1 06/08/2019 Journal article